Countries Nayip Bukele has Visited - Statistics

General Stats
  • This quiz has been taken 22 times
    12 since last reset
  • The average score is 6 of 8
Answer Stats
Continent Country % Correct
North America United States of America
100%
Asia China
89%
North America Guatemala
78%
Asia Japan
78%
Asia/ Europe Turkey
78%
Asia Israel
56%
Asia Taiwan
56%
Asia Qatar
22%
No matching quizzes found
Score Distribution
Percent of People with Each Score
Percentile by Number Answered
Your Score History
You have not taken this quiz since the last reset